000 00974cam a22003135a 4500
001 241044
003 PILC
005 20150514124521.0
008 990315s1999 nyua 000 0 eng d
010 _a 99213852
020 _a0062735209 (spiral bdg) :
_c$20.00 ($29.00 Can.)
035 _a(OCoLC)40959958
040 _aPDoB
_cPDoB
_dDLC
042 _alccopycat
050 0 0 _aBJ 2051
_b.B864 1963
100 1 _aBrody, Rosali.
245 1 0 _aEmily Post's weddings /
_cRosali Brody.
246 3 0 _aWedding planner.
250 _a3rd ed.
260 _aNew York, NY :
_bHarperPerennial,
_c1963.
300 _avii, 113 pages :
_billustrations ;
_c25 cm.
500 _aInclude index.
650 0 _aWedding etiquette.
700 1 _aPost, Emily,
_d1873-1960.
710 2 _aEmily Post Institute.
856 4 2 _3Publisher description
_uhttp://www.loc.gov/catdir/description/hc042/99213852.html
906 _a0
_bibc
_ccopycat
_du
_encip
_f19
_gy-gencatlg
942 _2lcc
_cBK
999 _c283986
_d283986